000 00322nam a22001337a 4500
008 190304b xxu||||| |||| 00| 0 eng d
020 _a9781451192940
041 _aeng
080 _210th
_a616.8-006
100 _a6
101 _aKAN
245 _aCances Principles & Practice of Oncology
_cDeVita,V.T
942 _2udc
_cBK
999 _c54388
_d54388